Economía y marxismo 2 : Instrumentos 12

Bibliographic Details
Main Author: Kühne
Format: Section = Libro
Language:Undetermined
Spanish
Published: España Grijalbo 1972
Subjects:
LEADER 00452nam a2200181Ia 4500
008 240830s9999 xx 000 0 und d
020 |a 84-253-0933-6 
040 |a B-ESTELÍ- RUACS / 335.43 K96 
041 |a spa 
082 |a 335.43 K96 
100 1 |a Kühne 
245 1 0 |a Economía y marxismo 2 : Instrumentos 12 
260 |a España  |b Grijalbo  |c 1972 
300 |a 777 p 
650 7 |a ECONOMIA - MARXISMO 
942 |c BK  |2 ddc 
991 |a TEXTO 
999 |c 10769